| 000 | 00604nam a2200205 i 4500 | ||
|---|---|---|---|
| 001 | C2-0155197 | ||
| 003 | PPAK | ||
| 005 | 20180727132238.0 | ||
| 008 | 980404s1975 nyua|||| ||||| | eng d | ||
| 040 |
_aPPAK _beng _cPPAK _erda |
||
| 082 | 0 | 4 |
_a639.9 _223 |
| 090 | 0 | 0 |
_a639.9 _bOUR _dR |
| 245 | 0 | 0 |
_aOur magnificent wildlife : _bhow to enjoy and [rreserve it |
| 264 | 1 |
_aNew York : _bThe Reader's Digest Associations , _c1975 |
|
| 300 |
_a352 pages : _bcolour illustrations ; _c28 cm |
||
| 336 |
_2rdacontent _atext |
||
| 337 |
_2rdamedia _aunmediated |
||
| 338 |
_2rdacarrier _avolume |
||
| 942 |
_ddc _cB |
||
| 999 |
_c47808 _d47808 |
||